000
00317nam a22001337a 4500
008
181101b xxu||||| |||| 00| 0 eng d
020
_a
089303245
041
_a
eng
080
_a
610
100
_a
4
101
_a
SHM
245
_a
Critical Care. Certification Preparation & Review
_c
Langiftt, D.E
942
_2
udc
_c
BK
999
_c
51513
_d
51513